| Tag |
First Indicator |
Second Indicator |
Subfields |
| LEADER |
00000cam a2200000 i 4500 |
| 001 |
in00000336159 |
| 005 |
20151011055029.0 |
| 008 |
770609s1976 onc 00110 eng d |
| 020 |
|
|
|a 0770514189
|
| 035 |
|
|
|a (OCoLC)03027919
|
| 035 |
|
|
|9 ABM1983AM
|
| 040 |
|
|
|a LWA
|c LWA
|d TXA
|d UtOrBLW
|
| 049 |
|
|
|a TXAM
|c [1109386]
|
| 090 |
|
|
|a PR4238
|b .F56 1976a
|
| 100 |
1 |
|
|a Flowers, Betty S.
|
| 245 |
1 |
0 |
|a Browning and the modern tradition /
|c Betty S. Flowers.
|
| 264 |
|
1 |
|a Toronto :
|b Macmillan of Canada :
|b Maclean-Hunter Press,
|c 1976.
|
| 300 |
|
|
|a 208 pages ;
|c 23 cm.
|
| 336 |
|
|
|a text
|b txt
|2 rdacontent
|
| 337 |
|
|
|a unmediated
|b n
|2 rdamedia
|
| 338 |
|
|
|a volume
|b nc
|2 rdacarrier
|
| 500 |
|
|
|a Includes index.
|
| 504 |
|
|
|a Bibliography: pages [191]-202.
|
| 600 |
1 |
0 |
|a Browning, Robert,
|d 1812-1889
|x Criticism and interpretation.
|
| 650 |
|
0 |
|a Modernism (Literature)
|
| 999 |
|
|
|a MARS
|
| 999 |
f |
f |
|s 778c2d01-961a-3eef-8337-5d0f5807a5b8
|i ac3cd6a6-9245-3483-9c4e-90b6f03af6d6
|t 0
|
| 952 |
f |
f |
|p normal
|a Texas A&M University
|b College Station
|c Sterling C. Evans Library
|d Evans: Library Stacks
|t 0
|e PR4238 .F56 1976a
|h Library of Congress classification
|i unmediated -- volume
|m A14803943000
|
| 998 |
f |
f |
|a PR4238 .F56 1976a
|t 0
|l Evans: Library Stacks
|